General Knowledge And Who's Who (Record no. 64552)
[ view plain ]
| 000 -LEADER | |
|---|---|
| fixed length control field | 00290nam a2200109Ia 4500 |
| 008 - FIXED-LENGTH DATA ELEMENTS--GENERAL INFORMATION | |
| fixed length control field | 221009s9999 xx 000 0 und d |
| 082 ## - DEWEY DECIMAL CLASSIFICATION NUMBER | |
| Classification number | 001/Sah BOOK |
| 100 ## - MAIN ENTRY--PERSONAL NAME | |
| Personal name | Pratiyogita Sahitya |
| 9 (RLIN) | 81280 |
| 245 #0 - TITLE STATEMENT | |
| Title | General Knowledge And Who's Who |
| 260 ## - PUBLICATION, DISTRIBUTION, ETC. (IMPRINT) | |
| Name of publisher, distributor, etc. | Sahitya Bhavan Publication |
| 942 ## - ADDED ENTRY ELEMENTS (KOHA) | |
| Koha item type | Books |
| Withdrawn status | Lost status | Damaged status | Not for loan | Home library | Current library | Shelving location | Date acquired | Total Checkouts | Barcode | Date last seen | Date last checked out | Price effective from | Koha item type |
|---|---|---|---|---|---|---|---|---|---|---|---|---|---|
| MACL | MACL | General Stacks | 11/10/2022 | 2 | CLC000738 | 13/12/2025 | 10/12/2025 | 11/10/2022 | Books |









